Enchiridion biblicum - Documenti della chiesa sulla sacra scrittura (Record n. 95284)
[ formato base ]
| 000 -LEADER | |
|---|---|
| fixed length control field | 01306nam a2200289Ia 4500 |
| 001 - CONTROL NUMBER | |
| control field | C9623 |
| 003 - CONTROL NUMBER IDENTIFIER | |
| control field | IT-RoPAU |
| 008 - FIXED-LENGTH DATA ELEMENTS--GENERAL INFORMATION | |
| fixed length control field | 130308s9999 xx 000 0 und d |
| 040 ## - CATALOGING SOURCE | |
| Original cataloging agency | IT-RoPAU |
| 040 ## - CATALOGING SOURCE | |
| Transcribing agency | IT-RoPAU |
| 041 ## - LANGUAGE CODE | |
| Language code of text/sound track or separate title | ITALIANO |
| 100 ## - MAIN ENTRY--PERSONAL NAME | |
| Personal name | AA.VV. |
| 100 ## - MAIN ENTRY--PERSONAL NAME | |
| Miscellaneous information | Codice Aut. SPICS: 12000 |
| 245 ## - TITLE STATEMENT | |
| Title | Enchiridion biblicum - Documenti della chiesa sulla sacra scrittura |
| 245 ## - TITLE STATEMENT | |
| Remainder of title | Enchiridion Biblicum - Documenti della Chiesa Sulla sacra Scrittura |
| 250 ## - EDITION STATEMENT | |
| Edition statement | 2a ed. |
| 260 ## - PUBLICATION, DISTRIBUTION, ETC. (IMPRINT) | |
| Place of publication, distribution, etc. | BOLOGNA |
| 260 ## - PUBLICATION, DISTRIBUTION, ETC. (IMPRINT) | |
| Name of publisher, distributor, etc. | EDB - Edizioni Dehoniane |
| 260 ## - PUBLICATION, DISTRIBUTION, ETC. (IMPRINT) | |
| Date of publication, distribution, etc. | 1994 [1° Ed.:1927 - Ed.Ling.Originale:1927] |
| 300 ## - PHYSICAL DESCRIPTION | |
| Extent | "1472 p. (prefazione: 24; testo: 1448 [pagine: 0-0])" |
| 500 ## - GENERAL NOTE | |
| General note | Edizione bilingue in Latino e Italiano. Testi che vanno dal Frammento Muratoriano del Ii Secolo al Discorso del 23 Aprile 1993 di Giovanni Paolo Ii.121 Documenti Disposti in Ordine cronologico su un Arco di 19 Secoli. chiude un Documento della Pcb Sull'Interpretazione della Bibbia nella Chiesa. Indici Vari: Scritturistico, indice delle Fonti, indice Analitico degli Argomenti. Volume a cura di Alfio Filippi ed Erminio Lora. Traduzione di Stefano Bittasi e Luca Ravaglia. |
| 650 ## - SUBJECT ADDED ENTRY--TOPICAL TERM | |
| Topical term or geographic name as entry element | STUDI/COMMENTI SULLA BIBBIA |
| 650 ## - SUBJECT ADDED ENTRY--TOPICAL TERM | |
| Relator term | Codice materia Spics: 9052 |
| 942 ## - ADDED ENTRY ELEMENTS (KOHA) | |
| Koha item type | LIBRO |
| 957 ## - | |
| -- | 1 |
| 999 ## - SYSTEM CONTROL NUMBERS (KOHA) | |
| -- | 1 |
| Withdrawn status | Lost status | Damaged status | Not for loan | Home library | Current library | Date acquired | Total Checkouts | Full call number | Date last seen | Price effective from | Koha item type | Public note |
|---|---|---|---|---|---|---|---|---|---|---|---|---|
| Buone Condizioni | Not For Loan | SPICS-MEDIATECA | SPICS-MEDIATECA | 08/03/2013 | C9623 | 08/03/2013 | 08/03/2013 | LIBRO | Progressivo inserimento: 56786 / N. Volumi: 1 Copie: 1 / data import: 1 marzo 2013 - By Epidotti, Trombetti, Vaglietti. |